ბათუმის შოთა რუსთაველის სახელმწიფო უნივერსიტეტის ბიბლიოთეკა

საქართველოს სახელმწიფო მუზეუმის არქეოლოგიური ექსპედიციები. (ბიბ.ჩანაწერი № 59847)

000 -ლიდერი
ფიქსირებული სიგრძის საკონტროლო ველი 01218nam a22002057a 4500
003 - საკონტროლო ნომრის იდენტიფიკატორი
საკონტროლო ველი Ge_BSU
005 - ბოლო ოპერაციის თარიღი და დრო
საკონტროლო ველი 20230427163721.0
008 - ფიქსირებული სიგრძის მონაცემთა ელემენტები - ზოგადი ინფორმაცია
ფიქსირებული სიგრძის საკონტროლო ველი 230427s1977ge xxu||||| |||| 00| 0 geo d
041 ## - ენის კოდი
Language code of text/sound track or separate title geo
080 ## - უნივერსალური ათობითი კლასიფიკაციის ინდექსი
Universal Decimal Classification number 902.2(479.22) ს-32
245 ## - ცნობა სათაურის შესახებ
Title საქართველოს სახელმწიფო მუზეუმის არქეოლოგიური ექსპედიციები.
Remainder of title კრ. 5 /
Statement of responsibility, etc რედ. ალ.ჯავახიშვილი
264 ## - წარმოების, გამოცემის, დისტრიბუციის და სხვა ცნობები
გამოცემის, წარმოების, დისტრიბუციის... ადგილი თბილისი :
გამოცემის, წარმოების, დისტრიბუციის... სახელწოდება მეცნიერება,
გამოცემის, წარმოების, დისტრიბუციის... თარიღი 1977.
300 ## - ფიზიკური აღწერა
Extent 175 გვ. :
Other physical details 16 ფ. ილ.
Dimensions 23 სმ.
520 ## - SUMMARY, ETC.
Summary, etc სტატიების ბოლოს რეზ. რუს. ენ.
653 ## - INDEX TERM--UNCONTROLLED
Uncontrolled term არქეოლოგიური გათხრები საქართველოში.
700 ## - ADDED ENTRY--PERSONAL NAME
Personal name ჯავახიშვილი, ალ
Relator term რედაქტორი
9 (RLIN) 17849
710 ## - ADDED ENTRY--CORPORATE NAME
Relator code საქართველოს სსრ მეცნიერებათა აკადემია.
710 ## - ADDED ENTRY--CORPORATE NAME
Corporate name or jurisdiction name as entry element ს.ჯანაშიას სახელობის საქართველოს სახელმწიფო მუზეუმი.
9 (RLIN) 17850
942 ## - ADDED ENTRY ELEMENTS (KOHA)
Source of classification or shelving scheme
Koha item type წიგნი
ეგზემპლარები
ჩამოწერის სტატუსი დაკარგული ეგზემპლარის სტატუსი კლასიფიკაციის წყარო ან თაროზე გაწყობის სქემა დაზიანების სტატუსი არ გაიცემა მუდმივი მდებარეობა (დაცვის ადგილი) ამჟამინდელი ადგილსამყოფელი თაროზე განთავსების ადგილი შეძენის თარიღი ღირებულება, შესყიდვის ნორმალური ფასი სრული შენახვის შიფრი შტრიხკოდი ბოლო ოპერაციის თარიღი ეგზემპლარის მიმდევრობითი ნომერი (კეტერი?) Uniform Resource Identifier ფასის ძალაში შესვლის თარიღი ეგზემპლარის სახეობა საჯარო შენიშვნა
          ბათუმის შოთა რუსთაველის სახელმწიფო უნივერსიტეტის მთავარი ბიბლიოთეკა ბათუმის შოთა რუსთაველის სახელმწიფო უნივერსიტეტის მთავარი ბიბლიოთეკა წიგნსაცავი 2023-04-27 6.00 902.(479.22) ს-32 64328 2023-04-27 64328 ბსუ-ს საპატიო დოქტორის გურამ ლორთქიფანიძის საჩუქარი 2023-04-27 წიგნი 6.00